LEADER 00924naa a2200217 u 4500 001 000000094504 003 CaOOAMICUS 005 20070226130138.0 008 040502s1973 fr u000 u fre u 020 $a2-7089-3407-4 035 $a10992901 040 $aIAR$bita 100 1 $aFontette, Micheline de.$0(OLS)http://pul/name/60725 245 14$aLes mendiants supprimés au 2e concile de Lyon (1274) :$bFrères sachets er frères pies /$cMicheline de Fontette. 260 $aToulouse :$bE. Privat,$c1973. 300 $aS. 193-216, ;$c18 cm 773 0 $aLes mendiants en pays d'Oc au XIIIe siècle. 773 0 $tLes mendiants en pays d'Oc au XIIIe siecle$w()670 996 $6020$a2-7089-3407-4$9(OLS)http://pul/number/884 996 $6245$aLes mendiants supprimés au 2e concile de Lyon (1274) :$bFrères sachets er frères pies$9(OLS)http://pul/title/121372 996 $6260$aToulouse :$bE. Privat$9(OLS)http://pul/publisher/48257 LEADER 01120nam a2200253 u 4500 001 000000059088 003 CaOOAMICUS 005 20070226120749.0 008 010621s1950 fr u000 u fre u 035 $a10893385 040 $aPUL(R)$bita 100 1 $aBréhier, Emile,$d1876-1952.$0(OLS)http://pul/name/9234 245 14$aLes idées philosophiques et religieuses de Philon D'Alexandrie /$cpar Emile Bréhier. 260 $aParis :$bJ. Vrin,$c1950. 300 $a336 p. ;$c26 cm 490 1 $aEtudes de philosophie médiévale ;$v8 500 $aContiene indice alfabetico. 600 04$aPhilo Alexandrinus,$d20 a.C.-c. 45 d.C.$0(OLS)http://pul/subject/7771 830 0$aEtudes de philosophie médiévale ;$v8.$0(OLS)http://pul/title/1367 850 $aPUL 852 $aPUL$W1$xSL Filosofia 2$y80$mPhil A4 8$j77110$nBK-PRI$b $qStampati altre collocazioni$B77110$CPULBib$Z2$F77110 $H $81 941 1 $a10 996 $6245$aLes idées philosophiques et religieuses de Philon D'Alexandrie$9(OLS)http://pul/title/79142 996 $6260$aParis :$bJ. Vrin$9(OLS)http://pul/publisher/48393